QCM - Histoire (Difficile) - Statistiques

Statistiques générales
  • Ce quiz a été pris 92 fois
  • Le résultat moyen est 6 sur 15
Statistiques - réponses
Question Réponse % Correct
Qui a publié une « Institution de la religion chrétienne » en français en 1541? Jean Calvin
71%
Quel a été l’objet de la réforme constitutionnelle de 1962 en France ? L’élection du président de la République au suffrage universel direct.
65%
Parmi les empereurs germaniques suivants, lequel a aussi été « roi de Sicile » Frédéric II
59%
Que fut le système de Canton en Chine ? Un système qui contraignait les puissances occidentales à commercer avec la Chine via Canton
59%
Qui étaient les passagers du Mayflower, qui débarquèrent en Amérique en 1620 ? Des puritains britanniques qui cherchaient à fuir les persécutions
53%
Quelle épreuve sportive Géo Lefèvre et Henri Desgrange ont-ils créé ? Le tour de France
53%
Ferdinand de Lesseps retire aujourd’hui toute la gloire de la paternité du canal de Suez, mais quel mouvement intellectuel français fut l’un des grands concepteurs du projet ? Le mouvement saint-simonien.
47%
Qu’est-ce le mouvement du « Nouvel Hollywood » ? Une période marquée par un renouveau artistique des films américains, désormais plus personnels.
47%
Parmi les personnages suivants, lequel est considéré comme le fondateur de Québec ? Samuel de Champlain
41%
Sous l’Empire romain, qu’a décidé « l’édit de Caracalla » ? Une loi qui étendit la citoyenneté romaine à tous les hommes libres de l’Empire.
41%
Que furent les réformes Morley-Minto ? Des réformes qui introduisirent quelques éléments d’autogouvernement en Inde britannique.
35%
Qu’était le devchirmé dans l’Empire Ottoman ? Le système de « cueillette d’enfants chrétiens » pour en faire des soldats ou administrateurs.
29%
Qu’est-ce le shoin-zukuri ? Un style architectural japonais.
24%
Qu’est-ce que la « Glorieuse Révolution » anglaise ? La chute de Jacques II de la maison Stuart au profit d’un roi de la maison Orange-Nassau
12%
Quelle revue fut fondée par Marc Bloch et Lucien Febvre ? Les Annales
6%
Aucun quiz correspondant
Distribution des résultats
% des personnes avec chaque résultat
Percentile par nombre de réponses
Votre historique - résultats
Vous n’avez pas pris ce quiz